000 00310nam a22001457a 4500
008 221109b ||||| |||| 00| 0 eng d
020 _a9780192842183
041 _aeng
080 _a7
082 _a7
100 _a21.1
101 _aART
245 _aNATIVE NORTH AMERICAN ART
_cBERLO J
942 _2udc
_cBK
999 _c58831
_d58831